|
|
|
|
| LEADER |
01053nam a2200253 i 4500 |
| 001 |
c000247067 |
| 003 |
CARM |
| 005 |
00000000000000.0 |
| 008 |
840311s1968 xx 0 eng d |
| 019 |
1 |
|
|a 701140
|z 12472168
|5 LACONCORD2021
|
| 035 |
|
|
|a (OCoLC)906
|5 LACONCORD2021
|
| 082 |
0 |
4 |
|a 338.954
|
| 100 |
1 |
|
|a Eckaus, Richard S.,
|d 1926-
|
| 245 |
1 |
0 |
|a Planning for growth :
|b multisectoral, intertemporal models applied to India /
|c [by] Richard S. Eckaus and Kirit S. Parikh.
|
| 260 |
|
|
|a Cambridge :
|b M. I. T. Press ,
|c [1968].
|
| 300 |
|
|
|a 208 p. :
|b illus.
|
| 440 |
|
0 |
|a Studies in the economic development of India ;
|v 6
|
| 650 |
|
0 |
|a Economic policy
|x Mathematical models.
|
| 651 |
|
0 |
|a India
|x Economic policy
|x Mathematical models.
|
| 651 |
|
0 |
|a India
|x Economic conditions
|y 1947-
|
| 700 |
1 |
|
|a Parikh, Kirit S.
|
| 852 |
8 |
|
|b CARM
|h A1:AP23C2
|i F01931
|p 0373012
|f BK
|
| 999 |
f |
f |
|i b38494d5-862a-5690-8d7b-828b62d68fac
|s 257ea375-846c-5b61-8779-9ed42797f00d
|
| 952 |
f |
f |
|p Can circulate
|a CAVAL
|b CAVAL
|c CAVAL
|d CARM 1 Store
|e F01931
|f A1:AP23C2
|h Other scheme
|i book
|m 0373012
|